Bramkarze Polonii Warszawa w XXI wieku - Statystyki

Ogólne statystyki
  • Ten quiz został rozwiązany 9 razy
  • Średni wynik to 3 z 16
Statystyki odpowiedzi
Lata gry Narodowość Nazwisko % Poprawnych
2008-2010 Polska Radosław Majdan
56%
2008-2013 Polska Sebastian Przyrowski
56%
1997-2001 Polska Mariusz Liberda
33%
2003-2005 Polska Paweł Kieszek
33%
2001-2002 Polska Andrzej Krzyształowicz
22%
2012-2013 Polska Mariusz Pawełek
22%
2008-2012 Polska Michał Gliwa
22%
2001-2003 Polska Robert Gubiec
22%
2004 Polska Artur Sarnat
11%
2004-2005 Polska Jacek Banaszyński
11%
2003 Polska Robert Mioduszewski
11%
2005-2006 Polska Bartłomiej Fogler
0%
2001 Polska Marek Matuszek
0%
2006 Polska Michał Chamera
0%
2013 Polska Michał Olczak
0%
2006 Chorwacja Žankarlo Šimunić
0%
Nie znaleziono quizów pasujących do podanych kryteriów
Rozkład punktacji
Procent ludzi z każdym wynikiem
Percentyl według liczby udzielonych odpowiedzi
Twoja historia wyników
Nie rozwiązałeś tego quizu